UBT Library

Presentational speaking: theory and practice: (Record no. 2018)

000 -LEADER
fixed length control field 00309nam a22001217a 4500
008 - FIXED-LENGTH DATA ELEMENTS--GENERAL INFORMATION
fixed length control field 160511b xxu||||| |||| 00| 0 eng d
020 ## - INTERNATIONAL STANDARD BOOK NUMBER
International Standard Book Number 9780073538778
020 ## - INTERNATIONAL STANDARD BOOK NUMBER
International Standard Book Number 0073538779
041 ## - LANGUAGE CODE
Language code of text/sound track or separate title eng
080 ## - UNIVERSAL DECIMAL CLASSIFICATION NUMBER
Universal Decimal Classification number 316.77
245 ## - TITLE STATEMENT
Title Presentational speaking: theory and practice:
Statement of responsibility, etc Melanie Morgan;
942 ## - ADDED ENTRY ELEMENTS (KOHA)
Source of classification or shelving scheme
Item type Books
Holdings
Withdrawn status Lost status Source of classification or shelving scheme Damaged status Not for loan Collection code Permanent location Current location Shelving location Date acquired Total Checkouts Full call number Barcode Date last seen Price effective from Koha item type
          Koleksioni i përgjithshem UBT - Lipjan UBT - Lipjan Koleksioni i përgjithshem 05/11/2016   316.77 MOR 002-028547 05/11/2016 05/11/2016 Books
          Koleksioni i përgjithshem UBT - Lipjan UBT - Lipjan Koleksioni i përgjithshem 09/04/2017   070 MOR 002-299903 09/04/2017 09/04/2017 Books
UBT Library © 2015-2024. All rights reserved University Education for Business and Technology